000 01323cad a22002535a 4500
001 L140199
008 070912e20070704xxk f 000 0 eng d
035 _a(Sirsi) u140199
041 0 _aeng
100 1 _aHo, Francis
245 0 4 _aThe JCT constructing excellence contract
_bkeeping it in the family
_h[electronic resource]
260 _c2007
490 0 _aRICS Feature
_v4 July 2007
520 _aLooks at the JCT Constructing Excellence Contract and compares it with the established partnering alternatives, ACA's PPC 2000 and NEC Partnering Option X12. Outlines the format and structure of Constructing Excellence and lists its main features. A key advantage is its flexible two-contract approach, although Constructing Excellence will have tough opposition from PPC 2000 in the social housing sector.
590 _aKA
650 2 4 _aJCT CONSTRUCTING EXCELLENCE CONTRACT (2006 EDITION)
650 2 4 _aPPC 2000
650 2 4 _aNEC PARTNERING OPTION X12 (FIRST EDITION)
651 4 _aUnited Kingdom
_y
690 _aBUILT ENVIRONMENT-BUILDING CONTRACT FORMS-STANDARD FORMS OF BUILDING CONTRACT-JOINT CONTRACTS TRIBUNAL CONTRACTS
710 2 _aCameron McKenna
_93669
856 4 0 _uhttps://www.rics.org/RICSWEB/getpage.aspx?p=yiYDq9uU50yn-4wmSNhSjw
_zView the article free of charge at www.rics.org...
942 _n0
999 _c79229
_d79229